Cytokines and liver regeneration after partial portal vein ligation in porcine experimental model

Bibliographic Details
Main Authors: Chlumska, A. (Author), Sutnar, A. (Author), Mirka, H. (Author), Bruha, J. (Author), Kobr, J. (Author), Matejovic, M. (Author), Fiala, O. (Author), Vycital, O. (Author), Sykora, R. (Author), Skalicky, T. (Author), Liska, V. (Author), Treska, V. (Author), Holubec L. Jr (Author)
Format: Article
Language:English

MARC

LEADER 00000nab a2200000ua 4500
001 vtls010804278
003 SK-MaSNL
005 20260303124602.0
008 230214s2009 xo |||||||||||||||||eng|
035 |a (urnnbn)urn:nbn:sk:snk:ar-a03j16 
035 |a (uuid)abb82b26-7909-4507-813d-23f5db220133 
035 |a urn:nbn:sk:snk-ab5ayf 
040 |a SNKBUCL  |b slo  |c SNKBUCL  |e AACR2 
041 0 |a eng 
044 |a xo  |c SK 
100 1 |a Chlumska, A.  |4 aut  |9 1134784 
245 1 0 |a Cytokines and liver regeneration after partial portal vein ligation in porcine experimental model  |c A. Chlumska, A. Sutnar, H. Mirka, J. Bruha, J. Kobr, M. Matejovic, O. Fiala, O. Vycital, R. Sykora, T. Skalicky, V. Liska, V. Treska, Holubec L. Jr. 
700 1 |a Sutnar, A.  |4 aut  |9 1140828 
700 1 |a Mirka, H.  |4 aut  |9 1140829 
700 1 |a Bruha, J.  |4 aut  |9 1141883 
700 1 |a Kobr, J.  |4 aut  |9 1139378 
700 1 |a Matejovic, M.  |4 aut  |9 1134015 
700 1 |a Fiala, O.  |4 aut  |9 308717 
700 1 |a Vycital, O.  |4 aut  |9 1141884 
700 1 |a Sykora, R.  |4 aut  |9 1133533 
700 1 |a Skalicky, T.  |4 aut  |9 710919 
700 1 |a Liska, V.  |4 aut  |9 781642 
700 1 |a Treska, V.  |4 aut  |9 781643 
700 1 |a Holubec L. Jr.  |4 aut  |9 1141885 
773 0 |t Bratislavské lekárske listy  |g Roč. 110, č. 8 (2009), s. [447]-453 
958 |a OND 
958 |a EUIPO 
958 |a article3 
999 |c 1931086  |d 1933016